Top25 - Najwięcej punktów w historii NBA - Statystyki

Ogólne statystyki
  • Ten quiz został rozwiązany 37 razy
    12 od ostatniego zresetowania
  • Średni wynik to 13 z 25
Statystyki odpowiedzi
# Zawodnik NBA Punkty % Poprawnych
1 LeBron James 42.184
100%
5 Michael Jordan 32.292
100%
24 Stephen Curry 25.386
100%
8 Kevin Durant 30.571
91%
4 Kobe Bryant 33.643
91%
11 James Harden 27.687
82%
9 Shaquille O'Neal 28.596
82%
2 Kareem Abdul-Jabbar 38.387
73%
3 Karl Malone 36.928
64%
12 Moses Malone 27.409
64%
17 Tim Duncan 26.496
64%
7 Wilt Chamberlain 31.419
64%
6 Dirk Nowitzki 31.560
55%
14 Hakeem Olajuwon 26.946
36%
20 Russell Westbrook 26.205
36%
25 DeMar Derozan 25.292
27%
15 Oscar Robertson 26.710
27%
22 Vince Carter 25.728
27%
10 Carmelo Anthony 28.289
18%
13 Elvin Hayes 27.313
18%
21 Kevin Garnett 26.071
18%
23 Alex English 25.613
9%
16 Dominique Wilkins 26.668
9%
19 John Havlicek 26.395
9%
18 Paul Pierce 26.397
0%
Nie znaleziono quizów pasujących do podanych kryteriów
Rozkład punktacji
Procent ludzi z każdym wynikiem
Percentyl według liczby udzielonych odpowiedzi
Twoja historia wyników
Nie rozwiązałeś tego quizu od ostatniego zresetowania